Statystyki dla Prezydenci Krakowa

Kliknij tutaj aby rozwiązać quiz!

Ogólne statystyki

  • Ten quiz został rozwiązany 27 razy
  • Średni wynik to 5 z 51

Statystyki odpowiedzi

Lata sprawowania urzęduImię i nazwisko% Poprawnych
2002 - obecnieJacek Majchrowski
95%
1866 - 1874Józef Dietl
50%
1904 - 1918Juliusz Leo
45%
1992 - 1998Józef Lassota
20%
1998 - 2002Andrzej Gołaś
15%
1939Stanisław Klimecki
10%
1945Aleksander Żurak-Michalski
5%
1945Alfred Fiderkiewicz
5%
1856 - 1866Andrzej Seidler-Wiślański
5%
1939Bolesław Czuchajowski
5%
1940 - 1941Carl Gottlob Schmid
5%
1802 - 1805Dominik Drdatzki
5%
1978 - 1980Edward Barszcz
5%
1939 - 1940Ernst Zörner
5%
1816Feliks Grodzicki
5%
1884 - 1893Feliks Szlachtowski
5%
1881 - 1884Ferdynand Weigel
5%
1794Filip Nereusz Lichocki
5%
1798 - 1802Filip Nereusz Lichocki
5%
1792Franciszek Wielopolski
5%
1853 - 1856Fryderyk Tobiaszek
5%
1947 - 1950Henryk Dobrowolski
5%
1849 - 1853Ignacy Paprocki
5%
1990 - 1991Jacek Woźniakowski
5%
1918 - 1924Jan Kanty Federowicz
5%
1969 - 1978Jerzy Pękala
5%
1990Jerzy Rościszewski
5%
1943 - 1945Josef Krämer
5%
1893 - 1904Józef Friedlein
5%
1980 - 1982Józef Gajewicz
5%
1805 - 1810Józef Gollmayer
5%
1816Józef Matecki
5%
1848 - 1849Józef Walenty Krzyżanowski
5%
1926 - 1931Karol Rolle
5%
1991 - 1992Krzysztof Bachmiński
5%
1792 - 1794Maciej Bajer
5%
1794 - 1798Maciej Bajer
5%
1950 - 1954Marcin Waligóra
5%
1794Michał Wohlman
5%
1933 - 1939Mieczysław Kaplicki
5%
1874 - 1881Mikołaj Zyblikiewicz
5%
1941 - 1943Rudolf Pavlu
5%
1810 - 1815Stanisław Kostka Zarzecki
5%
1945 - 1947Stefan Wolas
5%
1954 - 1957Tadeusz Mrugacz
5%
1982 - 1990Tadeusz Salwa
5%
1957 - 1959Wiktor Boniecki
5%
1925 - 1926Witold Ostrowski
5%
1931 - 1933Władysław Belina-Prażmowski
5%
1959 - 1969Zbigniew Skolicki
5%
1924 - 1925Zdzisław Wawrausch
5%

Rozkład punktacji

Percentyl według liczby udzielonych odpowiedzi

Procent ludzi z każdym wynikiem

Twoja historia wyników

Nie rozwiązałeś tego quizu